Statistics for Greek Mythology - Gods/Goddesses

Click here to take the quiz!

General Stats

  • This quiz has been taken 137 times
  • The average score is 23 of 33

Answer Stats

ClueAnswer% Correct
God of the sky and thunder - Also known as the "king of the gods"Zeus
100%
Goddess of love and beautyAphrodite
97%
God of the sea, earthquakes, floods, drought, and horsesPoseidon
97%
Goddess of marriage and fertility - Also known as the "queen of the gods"Hera
96%
God of war, courage, and civil orderAres
93%
Goddess of wisdom, weaving, pottery, war, and strategyAthena
93%
Goddess of hunting, wild animals, and maidens - Is associated with the moonArtemis
91%
God of wine, festivities, and madnessDionysus
91%
God of herds, flocks, thievery, hospitality, and trade - Messenger of the godsHermes
91%
God of prophecy, music, and healing - Is associated with the sunApollo
90%
Goddess of agriculture and harvestDemeter
89%
Goddess of the hearth and homeHestia
87%
God of fire, smiths, and metalworkingHephaestus
86%
God of loveEros
85%
God of the dead and king of the UnderworldHades
85%
Goddess of springtime - Bride of the king of the UnderworldPersephone
83%
Goddess of victory in both war and peaceful competition - a popular shoe brand shares a name with herNike
81%
Goddess of the rainbow and a messenger of the Olympian godsIris
74%
Goddesses of music - There's 9 of themThe Muses
74%
Goddess of the Earth - A primordial goddessGaea
73%
Goddess of the night - Emerged from the dawn of creationNyx
71%
Goddess of magic, witchcraft, the moon, and necromancyHecate
60%
Titan of the sunHelios
57%
Goddess of youth and cupbearer to the godsHebe
52%
Goddess of retribution for those who succumb to hubrisNemesis
46%
Titan of the moonSelene
46%
The three goddesses of vengeance who acted against men who acted against the natural orderErinyes
43%
God of medicine and son to the god of healingAsclepius
38%
Primordial god of the skyOuranos
37%
Goddess of motherhood and protector of the young - Mother to the god and goddess of the sun and moon respectivelyLeto
30%
Goddess of fortune, chance, providence, and fateTyche
27%
Goddess of good health and attendant to the god of medicineHygeia
16%
The three goddesses of fateMoirai
14%

Score Distribution

Percentile by Number Answered

Percent of People with Each Score

Your Score History

You have not taken this quiz